[Event "Belt and Road Hunan op-B"]
[Site "Changsha"]
[Date "2019.08.01"]
[Round "6"]
[White "Ashomkin, Maksim"]
[Black "Li, Guohao"]
[Result "0-1"]
[WhiteElo "2018"]
[BlackElo "2115"]
[PlyCount "78"]
[EventDate "2019.07.29"]
[EventType "swiss"]
[EventRounds "9"]
[EventCountry "CHN"]
[SourceTitle "EXT 2020"]
[Source "ChessBase"]
[SourceDate "2019.10.17"]
[SourceVersion "1"]
[SourceVersionDate "2019.10.17"]
[SourceQuality "1"]

1. Nf3 d5 2. c4 c6 3. g3 Nf6 4. Bg2 Bf5 5. 0-0 e6 6. Nh4 Bg4 7. d4 Bd6 8. Nc3 Nbd7 9. b3 0-0 10. Bb2 a5 11. Qc2 Bh5 12. a3 Rc8 13. Qd3 Re8 14. f4 Be7 15. Bf3 Bxf3 16. Nxf3 c5 17. cxd5 exd5 18. Na4 c4 19. bxc4 dxc4 20. Qf5 Bf8 21. Nc3 b5 22. Nxb5 Rxe2 23. Rf2 Rxf2 24. Kxf2 Qb6 25. Bc3 g6 26. Qb1 a4 27. Ra2 Ng4+ 28. Kg2 Re8 29. Rb2 Re3 30. d5 Qb7 31. Rd2 Nc5 32. h3 Ne4 33. Rd4 Ngf2 34. Rxc4 Qxd5 35. Rc8 Nxc3 36. Rxf8+ Kxf8 37. Qb4+ Kg7 38. Nbd4 Nfe4 39. f5 Qa2+ 0-1

[Event "Angarsk op"]
[Site "Angarsk"]
[Date "2011.10.27"]
[Round "6"]
[White "Ashomkin, Maksim"]
[Black "Grigoriev, Elisey"]
[Result "1/2-1/2"]
[WhiteElo "1985"]
[BlackElo "2100"]
[PlyCount "49"]
[EventDate "2011.10.23"]
[EventType "swiss"]
[EventRounds "9"]
[EventCountry "RUS"]
[SourceTitle "EXT 2012"]
[Source "ChessBase"]
[SourceDate "2011.11.24"]
[SourceVersion "1"]
[SourceVersionDate "2011.11.24"]
[SourceQuality "1"]

1. Nf3 d5 2. c4 c6 3. e3 Nf6 4. g3 Bg4 5. Bg2 e6 6. 0-0 Nbd7 7. d4 Bd6 8. Nbd2 0-0 9. h3 Bh5 10. b3 e5 11. g4 Bg6 12. dxe5 Nxe5 13. Bb2 Nxf3+ 14. Nxf3 Be4 15. cxd5 Bxd5 16. Qd4 c5 17. Qc3 Qc7 18. Rfd1 Qc6 19. Nh4 Bxg2 20. Nxg2 Rfe8 21. Rxd6 Qxd6 22. g5 Re6 23. gxf6 Rxf6 24. Nf4 Rd8 25. Rc1 1/2-1/2

[Event "Angarsk op"]
[Site "Angarsk"]
[Date "2011.10.23"]
[Round "2"]
[White "Ashomkin, Maksim"]
[Black "Rozhnev, Gennady"]
[Result "1/2-1/2"]
[WhiteElo "1985"]
[BlackElo "2104"]
[PlyCount "99"]
[EventDate "2011.10.23"]
[EventType "swiss"]
[EventRounds "9"]
[EventCountry "RUS"]
[SourceTitle "EXT 2012"]
[Source "ChessBase"]
[SourceDate "2011.11.24"]
[SourceVersion "1"]
[SourceVersionDate "2011.11.24"]
[SourceQuality "1"]

1. Nf3 Nf6 2. c4 g6 3. b3 Bg7 4. Bb2 0-0 5. g3 c6 6. Bg2 d5 7. 0-0 Qb6 8. Qc1 Bg4 9. h3 Bxf3 10. Bxf3 d4 11. c5 Qd8 12. e3 e5 13. exd4 exd4 14. Qc4 Ne8 15. Re1 Nc7 16. Na3 Nba6 17. Nc2 Ne6 18. b4 Nac7 19. a4 a6 20. Ra3 Qd7 21. h4 a5 22. b5 Rad8 23. Rd3 cxb5 24. axb5 Qxb5 25. Qxb5 Nxb5 26. Rb3 d3 27. Bxg7 Kxg7 28. Rxb5 dxc2 29. Bxb7 Rxd2 30. Rxa5 Nxc5 31. Rxc5 Rd1 32. Kf1 Re8 33. Rxc2 Rdxe1+ 34. Kg2 R8e2 35. Rc4 Rb2 36. Bd5 Re5 37. Bf3 Ra5 38. Rf4 h6 39. Bc6 f5 40. Bd7 Rd2 41. Bc8 Rc5 42. Bb7 Kf6 43. Ba6 Rc3 44. Rb4 Rcc2 45. Rf4 Ke5 46. Bb5 Rc3 47. Be8 g5 48. hxg5 hxg5 49. Rf3 Rcc2 50. Bg6 1/2-1/2

[Event "Angarsk op"]
[Site "Angarsk"]
[Date "2011.10.23"]
[Round "1"]
[White "Solyankin, Andrey M"]
[Black "Ashomkin, Maksim"]
[Result "1-0"]
[WhiteElo "2240"]
[BlackElo "1985"]
[PlyCount "111"]
[EventDate "2011.10.23"]
[EventType "swiss"]
[EventRounds "9"]
[EventCountry "RUS"]
[SourceTitle "EXT 2012"]
[Source "ChessBase"]
[SourceDate "2011.11.24"]
[SourceVersion "1"]
[SourceVersionDate "2011.11.24"]
[SourceQuality "1"]

1. e4 e5 2. Nf3 Nc6 3. Nc3 Nf6 4. d4 exd4 5. Nd5 Nxd5 6. exd5 Bb4+ 7. Bd2 Qe7+ 8. Qe2 Bxd2+ 9. Kxd2 Qxe2+ 10. Bxe2 Nb4 11. d6 d3 12. Bxd3 Nxd3 13. cxd3 cxd6 14. Rhe1+ Kf8 15. Nd4 b6 16. Rac1 g6 17. Nb5 Bb7 18. Rc7 Bxg2 19. Nxa7 Bh3 20. a3 Kg7 21. Nb5 Rhc8 22. Rec1 Rxc7 23. Rxc7 Ra5 24. Nxd6 Be6 25. Rb7 Rh5 26. Rxb6 Rxh2 27. a4 h5 28. a5 h4 29. Ke3 Bd5 30. Ne8+ Kh6 31. Nf6 Rh3+ 32. Kd4 Bc6 33. a6 Rh1 34. b4 Kg5 35. Ne4+ Kf4 36. b5 Bxe4 37. dxe4 Rd1+ 38. Kc3 Rc1+ 39. Kd3 Rc8 40. Rf6+ Kg4 41. Rxf7 Rh8 42. Ke3 d5 43. Rf4+ Kg5 44. Rxh4 Rxh4 45. a7 Rxe4+ 46. Kd3 Ra4 47. b6 Kf6 48. b7 Rxa7 49. b8Q Rf7 50. Qh8+ Kg5 51. Ke3 Re7+ 52. Kf3 Kf5 53. Qc8+ Ke5 54. Qc5 Rf7+ 55. Ke3 Rf5 56. Qe7# 1-0

[Event "Irkutsk Ermolaev Memorial 5th"]
[Site "Irkutsk"]
[Date "2011.08.12"]
[Round "7"]
[White "Ashomkin, Maksim"]
[Black "Grekhneva, Natalja"]
[Result "1-0"]
[WhiteElo "1985"]
[BlackElo "1699"]
[PlyCount "45"]
[EventDate "2011.08.06"]
[EventType "swiss"]
[EventRounds "9"]
[EventCountry "RUS"]
[SourceTitle "CBM 144 Extra"]
[Source "ChessBase"]
[SourceDate "2011.10.28"]
[SourceVersion "1"]
[SourceVersionDate "2011.10.28"]
[SourceQuality "1"]

1. Nf3 c5 2. c4 Nc6 3. b3 e5 4. d3 d6 5. Bb2 Be7 6. g3 Bf6 7. Nc3 Nge7 8. Bg2 0-0 9. h4 Bg4 10. Ne4 Nf5 11. Nh2 Bh5 12. Bh3 Bg6 13. h5 Nxg3 14. Nxg3 Bh4 15. hxg6 fxg6 16. Nf3 Nd4 17. Bxd4 Bxg3 18. Be3 Bf4 19. Kd2 Qa5+ 20. Kc2 b5 21. Be6+ Kh8 22. Bxf4 Rxf4 23. Rxh7+ 1-0

[Event "Irkutsk-ch op"]
[Site "Irkutsk"]
[Date "2011.04.24"]
[Round "2"]
[White "Ashomkin, Maksim"]
[Black "Zhonin, Alik"]
[Result "1/2-1/2"]
[WhiteElo "1985"]
[BlackElo "1909"]
[PlyCount "61"]
[EventDate "2011.04.16"]
[EventType "swiss"]
[EventRounds "9"]
[EventCountry "RUS"]
[SourceTitle "EXT 2013"]
[Source "ChessBase"]
[SourceDate "2012.11.22"]
[SourceVersion "1"]
[SourceVersionDate "2012.11.22"]
[SourceQuality "1"]

1. Nf3 Nf6 2. c4 g6 3. b3 Bg7 4. Bb2 0-0 5. g3 b6 6. Bg2 Bb7 7. 0-0 d6 8. d4 Nbd7 9. Nbd2 Ne4 10. h4 Nxd2 11. Qxd2 e6 12. Rfe1 Qe7 13. e4 e5 14. Rad1 Rad8 15. d5 a5 16. h5 h6 17. Nh4 Kh7 18. Bc1 Nf6 19. Bf3 Bc8 20. Kg2 g5 21. Nf5 Bxf5 22. exf5 Qd7 23. Qd3 Rfe8 24. Be4 Kh8 25. Rh1 Rb8 26. a4 Qe7 27. Qf3 Nd7 28. Rh3 Nc5 29. g4 Bf6 30. Qe2 Qd7 31. Qc2 1/2-1/2

[Event "Irkutsk-ch op"]
[Site "Irkutsk"]
[Date "2011.04.18"]
[Round "3"]
[White "Demakov, Vladimir Ivanovich"]
[Black "Ashomkin, Maksim"]
[Result "0-1"]
[WhiteElo "2400"]
[BlackElo "1985"]
[PlyCount "94"]
[EventDate "2011.04.16"]
[EventType "swiss"]
[EventRounds "9"]
[EventCountry "RUS"]
[SourceTitle "EXT 2013"]
[Source "ChessBase"]
[SourceDate "2012.11.22"]
[SourceVersion "1"]
[SourceVersionDate "2012.11.22"]
[SourceQuality "1"]

1. d4 d5 2. Nf3 Nf6 3. Bf4 c5 4. c3 Qb6 5. Qb3 c4 6. Qxb6 axb6 7. Nfd2 Nc6 8. Na3 Ra5 9. e4 e5 10. dxe5 Bxa3 11. bxa3 Nh5 12. g3 g5 13. Be3 Nxe5 14. Bd4 f6 15. exd5 Rxd5 16. Bg2 Nd3+ 17. Ke2 Rxd4 18. cxd4 b5 19. a4 Kf7 20. Bd5+ Kg7 21. axb5 Re8+ 22. Kf3 c3 23. Nc4 g4+ 24. Kg2 Nhf4+ 25. gxf4 Nxf4+ 26. Kg3 Nxd5 27. a4 h5 28. Rhe1 h4+ 29. Kg2 Rd8 30. Kf1 Nf4 31. Re7+ Kg6 32. Rc7 Bf5 33. Ne3 Bd3+ 34. Ke1 Ne2 35. d5 c2 36. Nxc2 Bxc2 37. Rxc2 Nd4 38. Rc7 Rxd5 39. Kf1 Nf3 40. Rxb7 Nxh2+ 41. Kg2 Nf3 42. b6 Ne5 43. Rc7 h3+ 44. Kh1 Rd2 45. b7 Rb2 46. a5 Nf3 47. Rf1 g3 0-1

[Event "Sibiria Region-ch"]
[Site "Irkutsk"]
[Date "2010.05.19"]
[Round "6"]
[White "Ashomkin, Maksim"]
[Black "Grigoriev, Elisey"]
[Result "1-0"]
[WhiteElo "1989"]
[BlackElo "2051"]
[PlyCount "107"]
[EventDate "2010.05.15"]
[EventType "swiss"]
[EventRounds "9"]
[EventCountry "RUS"]
[SourceTitle "CBM 136 Extra"]
[Source "ChessBase"]
[SourceDate "2010.07.02"]
[SourceVersion "2"]
[SourceVersionDate "2010.07.15"]
[SourceQuality "1"]

1. Nf3 d5 2. c4 c6 3. b3 Bf5 4. Bb2 Nf6 5. g3 e6 6. Bg2 Be7 7. 0-0 h6 8. d3 0-0 9. Nbd2 a5 10. a3 Na6 11. Nd4 Bh7 12. e4 Nc5 13. Qe2 e5 14. Nf5 Bxf5 15. exf5 Bd6 16. Bxe5 Bxe5 17. Qxe5 Nxd3 18. Qc3 dxc4 19. Nxc4 Nc5 20. Rad1 Qc7 21. Nd6 Ncd7 22. Rfe1 Nb6 23. h4 Rfd8 24. Nb5 Qc8 25. Nd4 Nbd5 26. Qf3 Qc7 27. Nc2 Qd6 28. g4 Qf4 29. Qxf4 Nxf4 30. f3 Kf8 31. Bf1 Re8 32. Kf2 Rad8 33. Rxe8+ Kxe8 34. Rxd8+ Kxd8 35. Ke3 N4d5+ 36. Kd4 Kc7 37. Ne3 Nxe3 38. Kxe3 b5 39. Kd4 Kd6 40. Bd3 Nd7 41. f4 Nc5 42. Bc2 Nd7 43. Bd3 Nf6 44. g5 Ng8 45. f6 gxf6 46. Bh7 hxg5 47. Bxg8 gxh4 48. Bxf7 h3 49. Bg6 c5+ 50. Kd3 h2 51. Be4 a4 52. bxa4 b4 53. axb4 cxb4 54. Kc4 1-0

[Event "Sibiria Region-ch"]
[Site "Irkutsk"]
[Date "2010.05.15"]
[Round "1"]
[White "Siuniakov, Igor"]
[Black "Ashomkin, Maksim"]
[Result "1-0"]
[WhiteElo "2297"]
[BlackElo "1989"]
[PlyCount "49"]
[EventDate "2010.05.15"]
[EventType "swiss"]
[EventRounds "9"]
[EventCountry "RUS"]
[SourceTitle "CBM 136 Extra"]
[Source "ChessBase"]
[SourceDate "2010.07.02"]
[SourceVersion "2"]
[SourceVersionDate "2010.07.15"]
[SourceQuality "1"]

1. Nf3 Nf6 2. c4 c6 3. g3 d5 4. Bg2 g6 5. 0-0 Bg7 6. Qc2 Bf5 7. d3 Nbd7 8. Nd4 e5 9. Nxf5 gxf5 10. cxd5 Nxd5 11. e4 Nb4 12. Qc4 a5 13. exf5 Nb6 14. Qg4 Bf6 15. Nc3 h5 16. Qf3 Qxd3 17. Be3 N6d5 18. Rfd1 Qc4 19. Ne4 0-0-0 20. Bf1 Qc2 21. Rd2 Nxe3 22. Rxc2 Nexc2 23. Rc1 Bg7 24. f6 Bh6 25. Qf5+ 1-0

[Event "Irkutsk-ch sf"]
[Site "Irkutsk"]
[Date "2010.02.26"]
[Round "7"]
[White "Ashomkin, Maksim"]
[Black "Nefediev, Egor"]
[Result "1-0"]
[WhiteElo "1989"]
[BlackElo "1938"]
[PlyCount "131"]
[EventDate "2010.02.20"]
[EventType "swiss"]
[EventRounds "7"]
[EventCountry "RUS"]
[SourceTitle "EXT 2022"]
[Source "ChessBase"]
[SourceDate "2021.10.06"]
[SourceVersion "1"]
[SourceVersionDate "2021.10.06"]
[SourceQuality "1"]

1. Nf3 Nf6 2. c4 g6 3. b3 Bg7 4. Bb2 0-0 5. g3 c6 6. Bg2 d5 7. 0-0 Nbd7 8. d4 dxc4 9. bxc4 c5 10. d5 b5 11. Na3 bxc4 12. Nxc4 Ba6 13. Rc1 Nb6 14. Nxb6 axb6 15. Ne5 Bb7 16. e4 Rxa2 17. Qb3 Rxb2 18. Qxb2 Qc7 19. Nc4 Nxe4 20. Qxb6 Qxb6 21. Nxb6 Nc3 22. Rfe1 Rd8 23. Rxe7 Bxd5 24. Bxd5 Nxd5 25. Rd7 Rxd7 26. Nxd7 Nc3 27. Kf1 Bd4 28. Nxc5 Bxc5 29. Rxc3 Bd4 30. Rc4 Bb2 31. g4 g5 32. Kg2 Kg7 33. h4 gxh4 34. Kh3 Bf6 35. f4 h6 36. Rc6 Be7 37. Kg2 Bf6 38. Kf3 Bd4 39. Rd6 Bg1 40. Kg2 Be3 41. Kf3 Bg1 42. Rd1 Bc5 43. Rd5 Bb6 44. Rh5 Bd8 45. Ke4 Kg6 46. Rc5 Bf6 47. Rc6 Kg7 48. Kf5 Bd4 49. g5 hxg5 50. Kxg5 Bf2 51. Rc3 Be1 52. Rd3 Bg3 53. f5 Bf2 54. f6+ Kh7 55. Rd7 Kg8 56. Rd8+ Kh7 57. Rf8 Be3+ 58. Kh5 h3 59. Rxf7+ Kg8 60. Kg6 Bd4 61. Rg7+ Kh8 62. Rh7+ Kg8 63. Rxh3 Bb2 64. Rb3 Be5 65. Re3 Bxf6 66. Re8# 1-0

[Event "Irkutsk-ch sf"]
[Site "Irkutsk"]
[Date "2010.02.25"]
[Round "6"]
[White "Tunik, Sergey"]
[Black "Ashomkin, Maksim"]
[Result "1/2-1/2"]
[WhiteElo "1918"]
[BlackElo "1989"]
[PlyCount "81"]
[EventDate "2010.02.20"]
[EventType "swiss"]
[EventRounds "7"]
[EventCountry "RUS"]
[SourceTitle "EXT 2022"]
[Source "ChessBase"]
[SourceDate "2021.10.06"]
[SourceVersion "1"]
[SourceVersionDate "2021.10.06"]
[SourceQuality "1"]

1. d4 d5 2. c4 e6 3. Nc3 c5 4. e3 Nf6 5. Nf3 Nc6 6. cxd5 Nxd5 7. Bd3 cxd4 8. exd4 Bb4 9. Qc2 h6 10. 0-0 0-0 11. Bd2 Qf6 12. Nxd5 exd5 13. Bxb4 Nxb4 14. Qd2 Nxd3 15. Qxd3 a6 16. Rac1 Be6 17. Rc7 b5 18. Rfc1 Rfc8 19. Ne5 Qd8 20. Rxc8 Rxc8 21. Rxc8 Qxc8 22. Qc3 f6 23. Qxc8+ Bxc8 24. Nc6 Kf7 25. b4 Ke6 26. Kf1 Bd7 27. Na5 Kf5 28. Ke2 g5 29. Kf3 h5 30. Nb3 Bc8 31. g3 Kg6 32. Nc5 Bg4+ 33. Ke3 Bc8 34. f3 f5 35. Nd3 Kf6 36. Ne1 h4 37. gxh4 f4+ 38. Kf2 gxh4 39. Ke2 Bf5 40. Kd2 h3 41. Nd3 1/2-1/2

[Event "Sibiria Region-ch"]
[Site "Irkutsk"]
[Date "2009.05.11"]
[Round "3"]
[White "Ashomkin, Maksim"]
[Black "Bahturin, Konstantin"]
[Result "1/2-1/2"]
[WhiteElo "1971"]
[BlackElo "2102"]
[PlyCount "55"]
[EventDate "2009.05.10"]
[EventType "swiss"]
[EventRounds "9"]
[EventCountry "RUS"]
[SourceTitle "CBM 130 Extra"]
[Source "ChessBase"]
[SourceDate "2009.07.02"]
[SourceVersion "2"]
[SourceVersionDate "2009.07.15"]
[SourceQuality "1"]

1. Nf3 d5 2. c4 e6 3. e3 Nf6 4. b3 Be7 5. Bb2 0-0 6. g3 c6 7. Bg2 Nbd7 8. 0-0 b6 9. d4 Bb7 10. Nbd2 Rc8 11. Ne5 Qc7 12. Rc1 Qb8 13. cxd5 cxd5 14. Qe2 Rxc1 15. Rxc1 Rc8 16. Rxc8+ Qxc8 17. Ndf3 Ba6 18. Qd1 Nxe5 19. dxe5 Nd7 20. Ne1 Qc7 21. f4 Bb7 22. Nc2 g6 23. Nd4 a6 24. a3 Nb8 25. h4 Nc6 26. b4 Nxd4 27. Bxd4 Bc8 28. Bf1 1/2-1/2